[Event "8th Vellmar Chess Days"]
[Site "chess24.com"]
[Date "2016.07.30"]
[Round "5"]
[White "Marzec, Witold"]
[Black "Schmidt, Daniel"]
[Result "0-1"]
[Board "46"]
[WhiteElo "1777"]
[WhiteTeam "vereinslos"]
[WhiteCountry "GER"]
[WhiteFideId "1270680"]
[WhiteEloChange "-7"]
[BlackElo "1876"]
[BlackTeam "SG Stadtilm"]
[BlackCountry "GER"]
[BlackFideId "12957950"]
[BlackEloChange "7"]

1. d4 {[%clk 1:30:30]} Nf6 {[%clk 1:30:30]} 2. c4 {[%clk 1:30:30]} g6 {[%clk
1:30:30]} 3. Nc3 {[%clk 1:30:30]} Bg7 {[%clk 1:30:30]} 4. e4 {[%clk 1:30:30]} d6
{[%clk 1:30:30]} 5. f3 {[%clk 1:30:30]} O-O {[%clk 1:30:30]} 6. Be3 {[%clk
1:30:30]} Nbd7 {[%clk 1:30:30]} 7. Qd2 {[%clk 1:30:30]} c5 {[%clk 1:30:30]} 8. d5
{[%clk 1:30:30]} Nb6 {[%clk 1:30:30]} 9. g4 {[%clk 1:30:30]} Nfd7 {[%clk
1:30:30]} 10. f4 {[%clk 1:30:30]} Bxc3 {[%clk 1:30:30]} 11. Qxc3 {[%clk 1:30:30]}
Nf6 {[%clk 1:30:30]} 12. Bg2 {[%clk 1:30:30]} Nxg4 {[%clk 1:30:30]} 13. Bd2
{[%clk 1:30:30]} e6 {[%clk 1:30:30]} 14. Qg3 {[%clk 1:30:30]} exd5 {[%clk
1:30:30]} 15. cxd5 {[%clk 1:30:30]} f5 {[%clk 1:30:30]} 16. O-O-O {[%clk
1:30:30]} Nc4 {[%clk 1:30:30]} 17. h3 {[%clk 1:30:30]} Nf6 {[%clk 1:30:30]} 18.
exf5 {[%clk 1:30:30]} Bxf5 {[%clk 1:30:30]} 19. Bc3 {[%clk 1:30:30]} b5 {[%clk
1:30:30]} 20. b3 {[%clk 1:30:30]} Nb6 {[%clk 1:30:30]} 21. Ne2 {[%clk 1:30:30]}
b4 {[%clk 1:30:30]} 22. Bb2 {[%clk 1:30:30]} Qe7 {[%clk 1:30:30]} 23. Rhe1 {[%clk
1:30:30]} Qf7 {[%clk 1:30:30]} 24. Qf2 {[%clk 1:30:30]} Ne4 {[%clk 1:30:30]} 25.
Qh4 {[%clk 1:30:30]} c4 {[%clk 1:30:30]} 26. Bd4 {[%clk 1:30:30]} cxb3 {[%clk
1:30:30]} 27. axb3 {[%clk 1:30:30]} Rac8+ {[%clk 1:30:30]} 28. Kb2 {[%clk
1:30:30]} Nxd5 {[%clk 1:30:30]} 29. Bxe4 {[%clk 1:30:30]} Bxe4 {[%clk 1:30:30]}
30. Rc1 {[%clk 1:30:30]} Rxc1 {[%clk 1:30:30]} 31. Rxc1 {[%clk 1:30:30]} Bf3
{[%clk 1:30:30]} 32. Ng1 {[%clk 1:30:30]} Bh5 {[%clk 1:30:30]} 33. Qg5 {[%clk
1:30:30]} Nxf4 {[%clk 1:30:30]} 34. Qh6 {[%clk 1:30:30]} Nd3+ {[%clk 1:30:30]}
35. Kb1 {[%clk 1:30:30]} Qxb3+ {[%clk 1:30:30]} 36. Ka1 {[%clk 1:30:30]} Qa3+
{[%clk 1:30:30]} 37. Kb1 {[%clk 1:30:30]} Qxc1+ {[%clk 1:30:30]} 38. Ka2 {[%clk
1:30:30]} Qxh6 {[%clk 1:30:30]} 0-1

[Event "8th Vellmar Chess Days"]
[Site "chess24.com"]
[Date "2016.07.30"]
[Round "5"]
[White "Retzlaff, Thomas"]
[Black "Hansen, Jeppe"]
[Result "0-1"]
[Board "47"]
[WhiteElo "1869"]
[WhiteTeam "SF Fallersleben"]
[WhiteCountry "GER"]
[WhiteFideId "12980633"]
[WhiteEloChange "-13"]
[BlackElo "1759"]
[BlackTeam "Sydøstlolland Skakklub"]
[BlackCountry "DEN"]
[BlackFideId "1437640"]
[BlackEloChange "13"]

1. d4 {[%clk 1:30:30]} e6 {[%clk 1:30:30]} 2. c4 {[%clk 1:30:30]} Nf6 {[%clk
1:30:30]} 3. Nc3 {[%clk 1:30:30]} Nc6 {[%clk 1:30:30]} 4. Nf3 {[%clk 1:30:30]} d5
{[%clk 1:30:30]} 5. e3 {[%clk 1:30:30]} Be7 {[%clk 1:30:30]} 6. Bd3 {[%clk
1:30:30]} O-O {[%clk 1:30:30]} 7. O-O {[%clk 1:30:30]} Nb4 {[%clk 1:30:30]} 8.
Be2 {[%clk 1:30:30]} dxc4 {[%clk 1:30:30]} 9. Bxc4 {[%clk 1:30:30]} c5 {[%clk
1:30:30]} 10. a3 {[%clk 1:30:30]} Nbd5 {[%clk 1:30:30]} 11. Re1 {[%clk 1:30:30]}
a6 {[%clk 1:30:30]} 12. e4 {[%clk 1:30:30]} Nxc3 {[%clk 1:30:30]} 13. bxc3 {[%clk
1:30:30]} b5 {[%clk 1:30:30]} 14. Bd3 {[%clk 1:30:30]} Bb7 {[%clk 1:30:30]} 15.
Rb1 {[%clk 1:30:30]} c4 {[%clk 1:30:30]} 16. Bc2 {[%clk 1:30:30]} Qc7 {[%clk
1:30:30]} 17. h3 {[%clk 1:30:30]} Rad8 {[%clk 1:30:30]} 18. e5 {[%clk 1:30:30]}
Nd5 {[%clk 1:30:30]} 19. Bd2 {[%clk 1:30:30]} Bxa3 {[%clk 1:30:30]} 20. Bxh7+
{[%clk 1:30:30]} Kxh7 {[%clk 1:30:30]} 21. Ng5+ {[%clk 1:30:30]} Kg8 {[%clk
1:30:30]} 22. Qh5 {[%clk 1:30:30]} Rfe8 {[%clk 1:30:30]} 23. Qh7+ {[%clk
1:30:30]} Kf8 {[%clk 1:30:30]} 24. Qh8+ {[%clk 1:30:30]} Ke7 {[%clk 1:30:30]} 25.
Qxg7 {[%clk 1:30:30]} Rf8 {[%clk 1:30:30]} 26. Nh7 {[%clk 1:30:30]} Qc6 {[%clk
1:30:30]} 27. Bg5+ {[%clk 1:30:30]} Kd7 {[%clk 1:30:30]} 28. Bxd8 {[%clk
1:30:30]} Rxd8 {[%clk 1:30:30]} 29. Qxf7+ {[%clk 1:30:30]} Be7 {[%clk 1:30:30]}
30. Rbd1 {[%clk 1:30:30]} Kc8 {[%clk 1:30:30]} 31. f3 {[%clk 1:30:30]} Bh4 {[%clk
1:30:30]} 32. Re4 {[%clk 1:30:30]} Nxc3 {[%clk 1:30:30]} 33. d5 {[%clk 1:30:30]}
Qb6+ {[%clk 1:30:30]} 34. Kh2 {[%clk 1:30:30]} Nxe4 {[%clk 1:30:30]} 35. fxe4
{[%clk 1:30:30]} c3 {[%clk 1:30:30]} 36. Rc1 {[%clk 1:30:30]} b4 {[%clk 1:30:30]}
37. dxe6 {[%clk 1:30:30]} Qc7 {[%clk 1:30:30]} 38. Qh5 {[%clk 1:30:30]} Be7
{[%clk 1:30:30]} 39. Qf5 {[%clk 1:30:30]} b3 {[%clk 1:30:30]} 40. Qf3 {[%clk
1:30:30]} Qxe5+ {[%clk 1:30:30]} 41. Kh1 {[%clk 1:30:30]} Bb4 {[%clk 1:30:30]}
42. Qe2 {[%clk 1:30:30]} Qxe6 {[%clk 1:30:30]} 43. Ng5 {[%clk 1:30:30]} Qc6
{[%clk 1:30:30]} 44. e5 {[%clk 1:30:30]} b2 {[%clk 1:30:30]} 45. Qg4+ {[%clk
1:30:30]} Kb8 {[%clk 1:30:30]} 0-1

[Event "8th Vellmar Chess Days"]
[Site "chess24.com"]
[Date "2016.07.30"]
[Round "5"]
[White "Kuschel, Heidi"]
[Black "Kanbach, Mike"]
[Result "1/2-1/2"]
[Board "48"]
[WhiteElo "1730"]
[WhiteTeam "SVG Lauterbach"]
[WhiteCountry "GER"]
[WhiteFideId "12974587"]
[WhiteEloChange "4"]
[BlackElo "1867"]
[BlackTeam "SP Plesse Bovenden"]
[BlackCountry "GER"]
[BlackFideId "12974536"]
[BlackEloChange "-4"]

1. Nf3 {[%clk 1:30:30]} Nf6 {[%clk 1:30:30]} 2. g3 {[%clk 1:30:30]} Nc6 {[%clk
1:30:30]} 3. d4 {[%clk 1:30:30]} e6 {[%clk 1:30:30]} 4. Bg2 {[%clk 1:30:30]} d5
{[%clk 1:30:30]} 5. O-O {[%clk 1:30:30]} Bd6 {[%clk 1:30:30]} 6. c4 {[%clk
1:30:30]} dxc4 {[%clk 1:30:30]} 7. Qa4 {[%clk 1:30:30]} Bd7 {[%clk 1:30:30]} 8.
Qxc4 {[%clk 1:30:30]} O-O {[%clk 1:30:30]} 9. Nbd2 {[%clk 1:30:30]} Re8 {[%clk
1:30:30]} 10. Ng5 {[%clk 1:30:30]} h6 {[%clk 1:30:30]} 11. Nge4 {[%clk 1:30:30]}
Qe7 {[%clk 1:30:30]} 12. e3 {[%clk 1:30:30]} Rac8 {[%clk 1:30:30]} 13. a3 {[%clk
1:30:30]} e5 {[%clk 1:30:30]} 14. Nxf6+ {[%clk 1:30:30]} Qxf6 {[%clk 1:30:30]}
15. d5 {[%clk 1:30:30]} Ne7 {[%clk 1:30:30]} 16. e4 {[%clk 1:30:30]} 1/2-1/2

[Event "8th Vellmar Chess Days"]
[Site "chess24.com"]
[Date "2016.07.30"]
[Round "5"]
[White "Evering, Soeren"]
[Black "Salecker, Phil"]
[Result "1-0"]
[Board "49"]
[WhiteElo "1862"]
[WhiteTeam "SC Papenburg"]
[WhiteCountry "GER"]
[WhiteFideId "12974650"]
[WhiteEloChange "6"]
[BlackElo "1704"]
[BlackTeam "SC FK Babenhausen"]
[BlackCountry "GER"]
[BlackFideId "16216580"]
[BlackEloChange "-6"]

1. e4 {[%clk 1:30:30]} Nf6 {[%clk 1:30:30]} 2. e5 {[%clk 1:30:30]} Nd5 {[%clk
1:30:30]} 3. d4 {[%clk 1:30:30]} d6 {[%clk 1:30:30]} 4. c4 {[%clk 1:30:30]} Nb6
{[%clk 1:30:30]} 5. Nf3 {[%clk 1:30:30]} Bg4 {[%clk 1:30:30]} 6. exd6 {[%clk
1:30:30]} exd6 {[%clk 1:30:30]} 7. Bd3 {[%clk 1:30:30]} Be7 {[%clk 1:30:30]} 8.
O-O {[%clk 1:30:30]} O-O {[%clk 1:30:30]} 9. h3 {[%clk 1:30:30]} Bh5 {[%clk
1:30:30]} 10. Re1 {[%clk 1:30:30]} Bf6 {[%clk 1:30:30]} 11. Be3 {[%clk 1:30:30]}
Nc6 {[%clk 1:30:30]} 12. Nc3 {[%clk 1:30:30]} Re8 {[%clk 1:30:30]} 13. Rc1 {[%clk
1:30:30]} h6 {[%clk 1:30:30]} 14. Bf1 {[%clk 1:30:30]} Nd7 {[%clk 1:30:30]} 15.
Be2 {[%clk 1:30:30]} Bg6 {[%clk 1:30:30]} 16. Qd2 {[%clk 1:30:30]} a6 {[%clk
1:30:30]} 17. a3 {[%clk 1:30:30]} Ne7 {[%clk 1:30:30]} 18. Bd3 {[%clk 1:30:30]}
Bxd3 {[%clk 1:30:30]} 19. Qxd3 {[%clk 1:30:30]} Ng6 {[%clk 1:30:30]} 20. Ne2
{[%clk 1:30:30]} Nh4 {[%clk 1:30:30]} 21. Nh2 {[%clk 1:30:30]} Bg5 {[%clk
1:30:30]} 22. Ng3 {[%clk 1:30:30]} Bxe3 {[%clk 1:30:30]} 23. Rxe3 {[%clk
1:30:30]} Rxe3 {[%clk 1:30:30]} 24. Qxe3 {[%clk 1:30:30]} Qe8 {[%clk 1:30:30]}
25. Qd2 {[%clk 1:30:30]} Nf6 {[%clk 1:30:30]} 26. Re1 {[%clk 1:30:30]} Qd7 {[%clk
1:30:30]} 27. Qf4 {[%clk 1:30:30]} Ng6 {[%clk 1:30:30]} 28. Qf3 {[%clk 1:30:30]}
c6 {[%clk 1:30:30]} 29. Nf5 {[%clk 1:30:30]} d5 {[%clk 1:30:30]} 30. c5 {[%clk
1:30:30]} Ne4 {[%clk 1:30:30]} 31. Qg4 {[%clk 1:30:30]} Nf6 {[%clk 1:30:30]} 32.
Qf3 {[%clk 1:30:30]} Ne4 {[%clk 1:30:30]} 33. Ng4 {[%clk 1:30:30]} Re8 {[%clk
1:30:30]} 34. Nge3 {[%clk 1:30:30]} Kf8 {[%clk 1:30:30]} 35. h4 {[%clk 1:30:30]}
Qe6 {[%clk 1:30:30]} 36. h5 {[%clk 1:30:30]} Ne7 {[%clk 1:30:30]} 37. Qg4 {[%clk
1:30:30]} Qf6 {[%clk 1:30:30]} 38. f3 {[%clk 1:30:30]} Ng5 {[%clk 1:30:30]} 39.
Nd6 {[%clk 1:30:30]} Rb8 {[%clk 1:30:30]} 40. Nef5 {[%clk 1:30:30]} Ne6 {[%clk
1:30:30]} 41. Re5 {[%clk 1:30:30]} b6 {[%clk 1:30:30]} 42. Nxe7 {[%clk 1:30:30]}
Qxe7 {[%clk 1:30:30]} 43. Nxf7 {[%clk 1:30:30]} Qxf7 {[%clk 1:30:30]} 44. Rf5
{[%clk 1:30:30]} 1-0

[Event "8th Vellmar Chess Days"]
[Site "chess24.com"]
[Date "2016.07.30"]
[Round "5"]
[White "Baumann, Marcel"]
[Black "Helmer, Andreas"]
[Result "1-0"]
[Board "50"]
[WhiteElo "1831"]
[WhiteTeam "SC Papenburg"]
[WhiteCountry "GER"]
[WhiteFideId "12974668"]
[WhiteEloChange "5"]
[BlackElo "1630"]
[BlackTeam "Hamelner SV"]
[BlackCountry "GER"]
[BlackFideId "12956627"]
[BlackEloChange "-5"]

1. d4 {[%clk 1:30:30]} e6 {[%clk 1:30:30]} 2. c4 {[%clk 1:30:30]} Nf6 {[%clk
1:30:30]} 3. Nf3 {[%clk 1:30:30]} d5 {[%clk 1:30:30]} 4. Nc3 {[%clk 1:30:30]} Be7
{[%clk 1:30:30]} 5. Bg5 {[%clk 1:30:30]} b6 {[%clk 1:30:30]} 6. e3 {[%clk
1:30:30]} Nbd7 {[%clk 1:30:30]} 7. Qc2 {[%clk 1:30:30]} Bb7 {[%clk 1:30:30]} 8.
cxd5 {[%clk 1:30:30]} Nxd5 {[%clk 1:30:30]} 9. Nxd5 {[%clk 1:30:30]} Bxd5 {[%clk
1:30:30]} 10. Bf4 {[%clk 1:30:30]} c5 {[%clk 1:30:30]} 11. Ba6 {[%clk 1:30:30]}
O-O {[%clk 1:30:30]} 12. b4 {[%clk 1:30:30]} Nb8 {[%clk 1:30:30]} 13. Bd3 {[%clk
1:30:30]} h6 {[%clk 1:30:30]} 14. b5 {[%clk 1:30:30]} Nd7 {[%clk 1:30:30]} 15.
Ke2 {[%clk 1:30:30]} Nf6 {[%clk 1:30:30]} 16. Rhg1 {[%clk 1:30:30]} Rc8 {[%clk
1:30:30]} 17. Qb2 {[%clk 1:30:30]} Nh5 {[%clk 1:30:30]} 18. Be5 {[%clk 1:30:30]}
Nf6 {[%clk 1:30:30]} 19. g4 {[%clk 1:30:30]} Ne4 {[%clk 1:30:30]} 20. Bxe4 {[%clk
1:30:30]} Bxe4 {[%clk 1:30:30]} 21. Nd2 {[%clk 1:30:30]} Bb7 {[%clk 1:30:30]} 22.
dxc5 {[%clk 1:30:30]} f6 {[%clk 1:30:30]} 23. c6 {[%clk 1:30:30]} Bxc6 {[%clk
1:30:30]} 24. bxc6 {[%clk 1:30:30]} fxe5 {[%clk 1:30:30]} 25. Rac1 {[%clk
1:30:30]} Bf6 {[%clk 1:30:30]} 26. Rgd1 {[%clk 1:30:30]} Qd5 {[%clk 1:30:30]} 27.
Qb3 {[%clk 1:30:30]} Rfe8 {[%clk 1:30:30]} 28. Nf3 {[%clk 1:30:30]} Qxb3 {[%clk
1:30:30]} 29. axb3 {[%clk 1:30:30]} Red8 {[%clk 1:30:30]} 30. Rxd8+ {[%clk
1:30:30]} Rxd8 {[%clk 1:30:30]} 31. b4 {[%clk 1:30:30]} b5 {[%clk 1:30:30]} 32.
Rc5 {[%clk 1:30:30]} Rc8 {[%clk 1:30:30]} 33. Kd3 {[%clk 1:30:30]} Be7 {[%clk
1:30:30]} 34. Rxb5 {[%clk 1:30:30]} Rxc6 {[%clk 1:30:30]} 35. Nxe5 {[%clk
1:30:30]} Rd6+ {[%clk 1:30:30]} 36. Kc3 {[%clk 1:30:30]} Bf6 {[%clk 1:30:30]} 37.
f4 {[%clk 1:30:30]} Kf8 {[%clk 1:30:30]} 38. Rb8+ {[%clk 1:30:30]} Rd8 {[%clk
1:30:30]} 39. Rxd8+ {[%clk 1:30:30]} Bxd8 {[%clk 1:30:30]} 40. Kc4 {[%clk
1:30:30]} Ke8 {[%clk 1:30:30]} 41. Kb5 {[%clk 1:30:30]} Bb6 {[%clk 1:30:30]} 42.
Nc4 {[%clk 1:30:30]} Bd8 {[%clk 1:30:30]} 43. Ka6 {[%clk 1:30:30]} Be7 {[%clk
1:30:30]} 44. b5 {[%clk 1:30:30]} Bc5 {[%clk 1:30:30]} 45. e4 {[%clk 1:30:30]}
Kf8 {[%clk 1:30:30]} 46. Ne5 {[%clk 1:30:30]} Be3 {[%clk 1:30:30]} 47. f5 {[%clk
1:30:30]} exf5 {[%clk 1:30:30]} 48. exf5 {[%clk 1:30:30]} Bf4 {[%clk 1:30:30]}
49. Ng6+ {[%clk 1:30:30]} 1-0

[Event "8th Vellmar Chess Days"]
[Site "chess24.com"]
[Date "2016.07.30"]
[Round "5"]
[White "Beyer, Nils"]
[Black "Helmer, Jan"]
[Result "0-1"]
[Board "51"]
[WhiteElo "1875"]
[WhiteTeam "SVG Caissa Kassel"]
[WhiteCountry "GER"]
[WhiteFideId "12995355"]
[WhiteEloChange "-12"]
[BlackElo "1799"]
[BlackTeam "Hamelner SV"]
[BlackCountry "GER"]
[BlackFideId "12956686"]
[BlackEloChange "12"]

1. d4 {[%clk 1:30:30]} e6 {[%clk 1:30:30]} 2. c4 {[%clk 1:30:30]} Nf6 {[%clk
1:30:30]} 3. g3 {[%clk 1:30:30]} d5 {[%clk 1:30:30]} 4. Nf3 {[%clk 1:30:30]} c6
{[%clk 1:30:30]} 5. Bg2 {[%clk 1:30:30]} Be7 {[%clk 1:30:30]} 6. O-O {[%clk
1:30:30]} O-O {[%clk 1:30:30]} 7. Qc2 {[%clk 1:30:30]} Nbd7 {[%clk 1:30:30]} 8.
Nbd2 {[%clk 1:30:30]} b6 {[%clk 1:30:30]} 9. e4 {[%clk 1:30:30]} Nxe4 {[%clk
1:30:30]} 10. Nxe4 {[%clk 1:30:30]} dxe4 {[%clk 1:30:30]} 11. Qxe4 {[%clk
1:30:30]} Bb7 {[%clk 1:30:30]} 12. Rd1 {[%clk 1:30:30]} Nf6 {[%clk 1:30:30]} 13.
Qe2 {[%clk 1:30:30]} Qc8 {[%clk 1:30:30]} 14. Bf4 {[%clk 1:30:30]} c5 {[%clk
1:30:30]} 15. d5 {[%clk 1:30:30]} Nh5 {[%clk 1:30:30]} 16. Be5 {[%clk 1:30:30]}
exd5 {[%clk 1:30:30]} 17. cxd5 {[%clk 1:30:30]} Bf6 {[%clk 1:30:30]} 18. Qc4
{[%clk 1:30:30]} Bxe5 {[%clk 1:30:30]} 19. Nxe5 {[%clk 1:30:30]} Nf6 {[%clk
1:30:30]} 20. Nc6 {[%clk 1:30:30]} Re8 {[%clk 1:30:30]} 21. Re1 {[%clk 1:30:30]}
Qd7 {[%clk 1:30:30]} 22. Rad1 {[%clk 1:30:30]} Rac8 {[%clk 1:30:30]} 23. Rxe8+
{[%clk 1:30:30]} Rxe8 {[%clk 1:30:30]} 24. Qa4 {[%clk 1:30:30]} a6 {[%clk
1:30:30]} 25. Qb3 {[%clk 1:30:30]} b5 {[%clk 1:30:30]} 26. f4 {[%clk 1:30:30]} c4
{[%clk 1:30:30]} 27. Qf3 {[%clk 1:30:30]} Rc8 {[%clk 1:30:30]} 28. h3 {[%clk
1:30:30]} h6 {[%clk 1:30:30]} 29. Kh1 {[%clk 1:30:30]} Qd6 {[%clk 1:30:30]} 30.
a3 {[%clk 1:30:30]} Re8 {[%clk 1:30:30]} 31. Na5 {[%clk 1:30:30]} Bxd5 {[%clk
1:30:30]} 32. Rxd5 {[%clk 1:30:30]} Nxd5 {[%clk 1:30:30]} 33. Nb7 {[%clk
1:30:30]} Qb6 {[%clk 1:30:30]} 34. Qxd5 {[%clk 1:30:30]} Re1+ {[%clk 1:30:30]}
0-1

[Event "8th Vellmar Chess Days"]
[Site "chess24.com"]
[Date "2016.07.30"]
[Round "5"]
[White "Reichelt, Ole"]
[Black "Mao, Yvonne"]
[Result "1-0"]
[Board "52"]
[WhiteElo "1738"]
[WhiteTeam "Hamelner SV"]
[WhiteCountry "GER"]
[WhiteFideId "12965073"]
[WhiteEloChange "10"]
[BlackElo "1733"]
[BlackTeam "SK Gernsheim"]
[BlackCountry "GER"]
[BlackFideId "12942561"]
[BlackEloChange "-10"]

1. d4 {[%clk 1:30:30]} Nf6 {[%clk 1:30:30]} 2. c4 {[%clk 1:30:30]} c5 {[%clk
1:30:30]} 3. e3 {[%clk 1:30:30]} g6 {[%clk 1:30:30]} 4. Nf3 {[%clk 1:30:30]} Bg7
{[%clk 1:30:30]} 5. Nc3 {[%clk 1:30:30]} O-O {[%clk 1:30:30]} 6. Be2 {[%clk
1:30:30]} d6 {[%clk 1:30:30]} 7. O-O {[%clk 1:30:30]} Nbd7 {[%clk 1:30:30]} 8. d5
{[%clk 1:30:30]} Ng4 {[%clk 1:30:30]} 9. Qc2 {[%clk 1:30:30]} Nge5 {[%clk
1:30:30]} 10. Nxe5 {[%clk 1:30:30]} Nxe5 {[%clk 1:30:30]} 11. e4 {[%clk 1:30:30]}
f5 {[%clk 1:30:30]} 12. Bd3 {[%clk 1:30:30]} Nxd3 {[%clk 1:30:30]} 13. Qxd3
{[%clk 1:30:30]} Rf7 {[%clk 1:30:30]} 14. Re1 {[%clk 1:30:30]} Bd4 {[%clk
1:30:30]} 15. Be3 {[%clk 1:30:30]} fxe4 {[%clk 1:30:30]} 16. Qxe4 {[%clk
1:30:30]} Bf5 {[%clk 1:30:30]} 17. Qh4 {[%clk 1:30:30]} Bf6 {[%clk 1:30:30]} 18.
Bg5 {[%clk 1:30:30]} Qf8 {[%clk 1:30:30]} 19. Bxf6 {[%clk 1:30:30]} exf6 {[%clk
1:30:30]} 20. Re3 {[%clk 1:30:30]} Re8 {[%clk 1:30:30]} 21. Rae1 {[%clk 1:30:30]}
Rfe7 {[%clk 1:30:30]} 22. Qf4 {[%clk 1:30:30]} Rxe3 {[%clk 1:30:30]} 23. fxe3
{[%clk 1:30:30]} a6 {[%clk 1:30:30]} 24. g4 {[%clk 1:30:30]} Bc8 {[%clk 1:30:30]}
25. Ne4 {[%clk 1:30:30]} g5 {[%clk 1:30:30]} 26. Nxf6+ {[%clk 1:30:30]} Kh8
{[%clk 1:30:30]} 27. Qxg5 {[%clk 1:30:30]} Qe7 {[%clk 1:30:30]} 28. Qh6 {[%clk
1:30:30]} Rf8 {[%clk 1:30:30]} 29. Nxh7 {[%clk 1:30:30]} 1-0

[Event "8th Vellmar Chess Days"]
[Site "chess24.com"]
[Date "2016.07.30"]
[Round "5"]
[White "Pabst, Olaf"]
[Black "Rafiee, Kayvan"]
[Result "1/2-1/2"]
[Board "53"]
[WhiteElo "1613"]
[WhiteTeam "SF Korbach"]
[WhiteCountry "GER"]
[WhiteFideId "24654833"]
[WhiteEloChange "6"]
[BlackElo "1843"]
[BlackTeam "TG Wehlheiden"]
[BlackCountry "GER"]
[BlackFideId "4672879"]
[BlackEloChange "-6"]

1. Nc3 {[%clk 1:30:30]} c5 {[%clk 1:30:30]} 2. e4 {[%clk 1:30:30]} Nc6 {[%clk
1:30:30]} 3. f4 {[%clk 1:30:30]} g6 {[%clk 1:30:30]} 4. Nf3 {[%clk 1:30:30]} Bg7
{[%clk 1:30:30]} 5. Bc4 {[%clk 1:30:30]} e6 {[%clk 1:30:30]} 6. d3 {[%clk
1:30:30]} Nge7 {[%clk 1:30:30]} 7. O-O {[%clk 1:30:30]} d5 {[%clk 1:30:30]} 8.
Bb5 {[%clk 1:30:30]} O-O {[%clk 1:30:30]} 9. Bxc6 {[%clk 1:30:30]} Nxc6 {[%clk
1:30:30]} 10. e5 {[%clk 1:30:30]} a6 {[%clk 1:30:30]} 11. a4 {[%clk 1:30:30]} Rb8
{[%clk 1:30:30]} 12. Ne2 {[%clk 1:30:30]} b6 {[%clk 1:30:30]} 13. c3 {[%clk
1:30:30]} Bb7 {[%clk 1:30:30]} 14. d4 {[%clk 1:30:30]} Na5 {[%clk 1:30:30]} 15.
b3 {[%clk 1:30:30]} Qd7 {[%clk 1:30:30]} 16. Ba3 {[%clk 1:30:30]} Rfc8 {[%clk
1:30:30]} 17. Rb1 {[%clk 1:30:30]} Ba8 {[%clk 1:30:30]} 18. Bc1 {[%clk 1:30:30]}
Nc6 {[%clk 1:30:30]} 19. Be3 {[%clk 1:30:30]} Ne7 {[%clk 1:30:30]} 20. g4 {[%clk
1:30:30]} Rc7 {[%clk 1:30:30]} 21. Nh4 {[%clk 1:30:30]} f5 {[%clk 1:30:30]} 22.
gxf5 {[%clk 1:30:30]} Nxf5 {[%clk 1:30:30]} 23. Nxf5 {[%clk 1:30:30]} exf5 {[%clk
1:30:30]} 24. Qe1 {[%clk 1:30:30]} c4 {[%clk 1:30:30]} 25. b4 {[%clk 1:30:30]}
Qxa4 {[%clk 1:30:30]} 26. Qf2 {[%clk 1:30:30]} Qd7 {[%clk 1:30:30]} 27. h4 {[%clk
1:30:30]} Re8 {[%clk 1:30:30]} 28. Kh2 {[%clk 1:30:30]} b5 {[%clk 1:30:30]} 29.
Rg1 {[%clk 1:30:30]} Re6 {[%clk 1:30:30]} 30. Ra1 {[%clk 1:30:30]} Bb7 {[%clk
1:30:30]} 31. Rg2 {[%clk 1:30:30]} Qe8 {[%clk 1:30:30]} 32. Ng1 {[%clk 1:30:30]}
Kf8 {[%clk 1:30:30]} 33. Nf3 {[%clk 1:30:30]} Bh6 {[%clk 1:30:30]} 34. Rag1
{[%clk 1:30:30]} Rg7 {[%clk 1:30:30]} 35. Rg3 {[%clk 1:30:30]} 1/2-1/2

[Event "8th Vellmar Chess Days"]
[Site "chess24.com"]
[Date "2016.07.30"]
[Round "5"]
[White "Hofschlag, Dirk"]
[Black "Fischer, Andreas"]
[Result "1/2-1/2"]
[Board "54"]
[WhiteElo "1736"]
[WhiteTeam "SK Bad Lippspringe"]
[WhiteCountry "GER"]
[WhiteFideId "12974609"]
[WhiteEloChange "3"]
[BlackElo "1859"]
[BlackTeam "SK Bad Sooden-Allendorf"]
[BlackCountry "GER"]
[BlackFideId "1270053"]
[BlackEloChange "-3"]

1. Nf3 {[%clk 1:30:30]} Nf6 {[%clk 1:30:30]} 2. b3 {[%clk 1:30:30]} d5 {[%clk
1:30:30]} 3. Ba3 {[%clk 1:30:30]} g6 {[%clk 1:30:30]} 4. Ne5 {[%clk 1:30:30]} Bg7
{[%clk 1:30:30]} 5. e3 {[%clk 1:30:30]} O-O {[%clk 1:30:30]} 6. d3 {[%clk
1:30:30]} Nbd7 {[%clk 1:30:30]} 7. Nxd7 {[%clk 1:30:30]} Nxd7 {[%clk 1:30:30]} 8.
c3 {[%clk 1:30:30]} c5 {[%clk 1:30:30]} 9. b4 {[%clk 1:30:30]} cxb4 {[%clk
1:30:30]} 10. Bxb4 {[%clk 1:30:30]} Re8 {[%clk 1:30:30]} 11. Qb3 {[%clk 1:30:30]}
Nb6 {[%clk 1:30:30]} 12. Ba5 {[%clk 1:30:30]} e5 {[%clk 1:30:30]} 13. Be2 {[%clk
1:30:30]} Be6 {[%clk 1:30:30]} 14. Qd1 {[%clk 1:30:30]} Rc8 {[%clk 1:30:30]} 15.
O-O {[%clk 1:30:30]} Qg5 {[%clk 1:30:30]} 16. Kh1 {[%clk 1:30:30]} Nd7 {[%clk
1:30:30]} 17. d4 {[%clk 1:30:30]} exd4 {[%clk 1:30:30]} 18. cxd4 {[%clk 1:30:30]}
Nf6 {[%clk 1:30:30]} 19. h3 {[%clk 1:30:30]} Qh4 {[%clk 1:30:30]} 20. Be1 {[%clk
1:30:30]} Qh6 {[%clk 1:30:30]} 21. Nd2 {[%clk 1:30:30]} Bf8 {[%clk 1:30:30]} 22.
Nb3 {[%clk 1:30:30]} Bd6 {[%clk 1:30:30]} 23. f4 {[%clk 1:30:30]} Ne4 {[%clk
1:30:30]} 24. Rf3 {[%clk 1:30:30]} Bg4 {[%clk 1:30:30]} 25. Bd3 {[%clk 1:30:30]}
Nc3 {[%clk 1:30:30]} 26. Bxc3 {[%clk 1:30:30]} Rxc3 {[%clk 1:30:30]} 27. Be2
{[%clk 1:30:30]} Bxf3 {[%clk 1:30:30]} 28. Bxf3 {[%clk 1:30:30]} Rexe3 {[%clk
1:30:30]} 29. Nd2 {[%clk 1:30:30]} Bxf4 {[%clk 1:30:30]} 30. Nf1 {[%clk 1:30:30]}
Rxf3 {[%clk 1:30:30]} 31. gxf3 {[%clk 1:30:30]} Qxh3+ {[%clk 1:30:30]} 32. Kg1
{[%clk 1:30:30]} Rxf3 {[%clk 1:30:30]} 33. Qc2 {[%clk 1:30:30]} Qg4+ {[%clk
1:30:30]} 34. Qg2 {[%clk 1:30:30]} Qxg2+ {[%clk 1:30:30]} 35. Kxg2 {[%clk
1:30:30]} Rd3 {[%clk 1:30:30]} 36. Rb1 {[%clk 1:30:30]} b6 {[%clk 1:30:30]} 37.
Rb4 {[%clk 1:30:30]} Ra3 {[%clk 1:30:30]} 38. Rb2 {[%clk 1:30:30]} Kg7 {[%clk
1:30:30]} 39. Rf2 {[%clk 1:30:30]} Be3 {[%clk 1:30:30]} 40. Rc2 {[%clk 1:30:30]}
Bxd4 {[%clk 1:30:30]} 41. Nd2 {[%clk 1:30:30]} Rc3 {[%clk 1:30:30]} 42. Rb2
{[%clk 1:30:30]} Rg3+ {[%clk 1:30:30]} 43. Kxg3 {[%clk 1:30:30]} Bxb2 {[%clk
1:30:30]} 44. Nf3 {[%clk 1:30:30]} Bf6 {[%clk 1:30:30]} 45. Kf2 {[%clk 1:30:30]}
a5 {[%clk 1:30:30]} 46. a4 {[%clk 1:30:30]} h5 {[%clk 1:30:30]} 47. Ke2 {[%clk
1:30:30]} g5 {[%clk 1:30:30]} 1/2-1/2